000 01224nam a22003017a 4500
001 7696
003 FISKH
005 20250731113941.0
008 250731b cb ||||| |||| 00| 0 eng d
020 _a9780064406604
040 _aDLC
_cDLC
_dDLC
_beng
050 _aPZ7.F5768 H
082 _a813
100 1 _aFitzhugh, Louise
_d (1928–1974)
245 1 0 _aHarriet the spy /
_cWritten and illustrated by Louise Fitzhugh
250 _aThis edition first published in 1964
260 _aNew York :
_bHarperTrophy,
_c1964
300 _a298 pages :
_billustrations ;
_c20 cm
505 _aR
520 _aA large print edition of the story about eleve-year-old Harriet, who is a spy, plans to be a writer, and keeps a secret notebook filled with thoughts and notes on her schoolmates and people she observes on her after school spy route. However, her classmates find out and read her notebook, retaliate, and she learns that writing is not to use against your friends.
521 8 _a760
_bLexile
521 8 _aR
_bRaz-Plus
650 0 _aHarriet the Spy (Fictitious character)
_vFiction.
650 1 _aSchools
_vFiction.
700 _aFitzhugh, Louise
_dillustrator
942 _2ddc
_cBK
_n0
999 _c7696
_d7696